Die größten Städte in jeder Tschechischen Region - Statistiken

Allgemein
  • Dieses Quiz wurde 22 mal gespielt
  • Das Durchschnittsergebnis liegt bei 11 aus 66
Antwortstatistiken
# Region Einwohnerzahl Stadt % Korrekt
1. Hlavní město Praha (Hauptstadt Prag) 1.335.084 Prag
100%
1. Plzeňský kraj (Pilsner Region) 170.548 Pilsen
85%
1. Jihomoravský kraj (Südmährische Region) 377.973 Brno
75%
1. Liberecký kraj (Reichenberger Region) 103.853 Liberec
55%
1. Moravskoslezský kraj (Mährisch-Schlesische Region) 291.634 Ostrava
55%
1. Karlovarský kraj (Karlsbader Region) 49.046 Karlovy Vary
45%
2. Karlovarský kraj (Karlsbader Region) 32.394 Cheb
40%
1. Olomoucký kraj (Olmützer Region) 100.378 Olmütz
40%
1. Ústecký kraj(Aussiger Region) 92.984 Ústí nad Labem
40%
1. Jihočeský kraj (Südböhmische Region) 93.470 České Budějovice
30%
5. Ústecký kraj(Aussiger Region) 48.739 Chomutov
30%
1. Zlínský kraj (Zliner Region) 75.117 Zlín
30%
1. Pardubický kraj (Pardubitzer Region) 90.044 Pardubice
25%
3. Ústecký kraj(Aussiger Region) 49.697 Teplice
25%
4. Ústecký kraj(Aussiger Region) 49.521 Děčín
20%
1. Středočeský kraj (Mittelböhmische Region) 68.660 Kladno
20%
4. Středočeský kraj (Mittelböhmische Region) 31.123 Kolín
20%
5. Středočeský kraj (Mittelböhmische Region) 20.405 Kutná Hora
15%
3. Jihočeský kraj (Südböhmische Region) 29.966 Písek
15%
2. Jihočeský kraj (Südböhmische Region) 34.482 Tábor
15%
3. Jihomoravský kraj (Südmährische Region) 24.881 Břeclav
10%
2. Pardubický kraj (Pardubitzer Region) 23.102 Chrudim
10%
4. Moravskoslezský kraj (Mährisch-Schlesische Region) 56.719 Frýdek-Místek
10%
4. Jihomoravský kraj (Südmährische Region) 24.728 Hodonín
10%
1. Královéhradecký kraj (Königgrätzer Region) 92.929 Hradec Králové
10%
1. Kraj Vysočina (Region Hochland) 50.559 Jihlava
10%
5. Jihočeský kraj (Südböhmische Region) 21.568 Jindřichův Hradec
10%
2. Plzeňský kraj (Pilsner Region) 22.378 Klatovy
10%
2. Ústecký kraj(Aussiger Region) 66.768 Most
10%
5. Liberecký kraj (Reichenberger Region) 11.826 Nový Bor
10%
3. Moravskoslezský kraj (Mährisch-Schlesische Region) 57.387 Opava
10%
4. Karlovarský kraj (Karlsbader Region) 16.949 Ostrov
10%
3. Středočeský kraj (Mittelböhmische Region) 32.897 Příbram
10%
2. Olomoucký kraj (Olmützer Region) 43.975 Prostějov
10%
3. Plzeňský kraj (Pilsner Region) 14.014 Rokycany
10%
3. Karlovarský kraj (Karlsbader Region) 23.546 Sokolov
10%
4. Olomoucký kraj (Olmützer Region) 26.305 Šumperk
10%
3. Pardubický kraj (Pardubitzer Region) 16.949 Svitavy
10%
4. Plzeňský kraj(Pilsner Region) 12.699 Tachov
10%
2. Kraj Vysočina (Region Hochland) 36.330 Třebíč
10%
4. Zlínský kraj (Zliner Region) 25.246 Uherské Hradiště
10%
5. Pardubický kraj (Pardubitzer Region) 14.164 Ústí nad Orlicí
10%
3. Liberecký kraj (Reichenberger Region) 37.201 Česká Lípa
5%
4. Pardubický kraj (Pardubitzer Region) 15.608 Česká Třebová
5%
5. Karlovarský kraj (Karlsbader Region) 13.671 Chodov
5%
5. Plzeňský kraj (Pilsner Region) 11.177 Domažlice
5%
5. Královéhradecký kraj (Königgrätzer Region) 15.839 Dvůr Králové nad Labem
5%
2. Moravskoslezský kraj (Mährisch-Schlesische Region) 73.274 Havířov
5%
3. Kraj Vysočina (Region Hochland) 23.145 Havlíčkův Brod
5%
5. Olomoucký kraj (Olmützer Region) 18.352 Hranice
5%
2. Liberecký kraj (Reichenberger Region) 45.702 Jablonec nad Nisou
5%
4. Královéhradecký kraj (Königgrätzer Region) 16.448 Jičín
5%
5. Moravskoslezský kraj (Mährisch-Schlesische Region) 54.413 Karviná
5%
2. Zlínský kraj (Zliner Region) 29.002 Kroměříž
5%
2. Středočeský kraj (Mittelböhmische Region) 44.056 Mladá Boleslav
5%
3. Královéhradecký kraj (Königgrätzer Region) 20.149 Náchod
5%
5. Kraj Vysočina (Region Hochland) 16.044 Pelhřimov
5%
3. Olomoucký kraj (Olmützer Region) 43.791 Přerov
5%
4. Jihočeský kraj (Südböhmische Region) 22.908 Strakonice
5%
2. Královéhradecký kraj (Königgrätzer Region) 30.680 Trutnov
5%
4. Liberecký kraj (Reichenberger Region) 14.330 Turnov
5%
5. Zlínský kraj (Zliner Region) 22.309 Valašské Meziříčí
5%
3. Zlínský kraj (Zliner Region) 26.190 Vsetín
5%
5. Jihomoravský kraj (Südmährische Region) 21.120 Vyškov
5%
4. Kraj Vysočina (Region Hochland) 21.160 Žďár nad Sázavou
5%
2. Jihomoravský kraj (Südmährische Region) 33.823 Znojmo
5%
Keine übereinstimmenden Quizze gefunden
Verteilung der Resultate
Anzahl Personen mit jedem Resultat
Perzentil nach korrekt beantworteten Fragen
Ihre Resultats-Entwicklung
Sie haben dieses Quiz noch nicht gespielt